[Event "FIDE World Senior Team Championship 2020"]
[Site "Olympik hotel, Sokolovska 138, Prague"]
[Date "2020.03.12"]
[Round "7.12.1"]
[White "Burchardt, Brigitte"]
[Black "Lagerborg, Krister"]
[Result "1-0"]
[WhiteElo "2075"]
[BlackElo "2144"]
[PlyCount "105"]
[WhiteTeam "GERW"]
[BlackTeam "SWE5"]
[EventDate "2020.03.06"]

1. e4 c5 2. b3 Nc6 3. Bb2 e5 4. Bc4 Nf6 5. Nc3 Be7 6. d3 O-O 7. Nge2 a6 8. a4
d6 9. O-O Rb8 10. Bc1 Nd4 11. Nd5 b5 12. axb5 axb5 13. Nxf6+ Bxf6 14. Bd5 Bb7
15. Bxb7 Rxb7 16. Nc3 g6 17. Nd5 b4 18. Bb2 Nc6 19. Ra6 Nb8 20. Ra8 Bg7 21. f4
f5 22. exf5 gxf5 23. Qf3 e4 24. Qg3 Kh8 25. Bxg7+ Rxg7 26. Qe3 Qe8 27. dxe4
fxe4 28. Re1 Qc6 29. Rxb8 Rxb8 30. Qxe4 Rbg8 31. g3 Qa8 32. Qd3 Re8 33. Rd1 Qd8
34. Qf3 Qh4 35. Kg2 Rf8 36. Rd2 Qh6 37. Re2 Qg6 38. Rf2 Qg4 39. Qxg4 Rxg4 40.
h3 Rg6 41. f5 Rg5 42. g4 h5 43. Kg3 hxg4 44. hxg4 Re8 45. Rh2+ Kg8 46. Nf6+ Kf7
47. Nxe8 Kxe8 48. Rh7 Rg8 49. Ra7 Kf8 50. Kf4 Rg7 51. Rxg7 Kxg7 52. Ke4 Kf6 53.
Kd5 1-0

[Event "FIDE World Senior Team Championship 2020"]
[Site "Olympik hotel, Sokolovska 138, Prague"]
[Date "2020.03.12"]
[Round "7.12.2"]
[White "Svensson, Soren"]
[Black "Wagner-Michel, Annett"]
[Result "1-0"]
[WhiteElo "1868"]
[BlackElo "2025"]
[PlyCount "83"]
[WhiteTeam "SWE5"]
[BlackTeam "GERW"]
[EventDate "2020.03.06"]

1. d4 d5 2. c4 e6 3. Nf3 Nf6 4. Nc3 Be7 5. e3 O-O 6. Bd3 c5 7. O-O Nc6 8. b3 b6
9. Bb2 Nb4 10. Be2 Ne4 11. a3 Nxc3 12. Bxc3 Nc6 13. Qc2 Qc7 14. Bd3 g6 15. Qb2
cxd4 16. Nxd4 dxc4 17. Bxc4 Nxd4 18. Bxd4 Rd8 19. Rac1 Qd7 20. Rcd1 e5 21. Qe2
Qf5 22. e4 Qf6 23. Bb2 Bb7 24. Bd5 Rab8 25. f4 Bxd5 26. Bxe5 Bc5+ 27. Kh1 Qe7
28. Bxb8 Bxb3 29. Rxd8+ Qxd8 30. Be5 f6 31. Bb2 a5 32. e5 Qe7 33. Re1 Bxa3 34.
Bxa3 Qxa3 35. exf6 Bf7 36. Rd1 h6 37. h3 Qc5 38. Rd8+ Kh7 39. Rd7 Qc1+ 40. Rd1
Qxf4 41. Qe7 Qc4 42. Qf8 1-0

[Event "FIDE World Senior Team Championship 2020"]
[Site "Olympik hotel, Sokolovska 138, Prague"]
[Date "2020.03.12"]
[Round "7.12.4"]
[White "Andersson, Erik 1955"]
[Black "Kube, Hannelore"]
[Result "1/2-1/2"]
[WhiteElo "1607"]
[BlackElo "1919"]
[PlyCount "74"]
[WhiteTeam "SWE5"]
[BlackTeam "GERW"]
[EventDate "2020.03.06"]

1. Nf3 d5 2. b3 Bg4 3. Bb2 Bxf3 4. exf3 e6 5. g3 Nf6 6. Bg2 Bd6 7. O-O Nbd7 8.
d3 O-O 9. Nd2 c6 10. f4 Qc7 11. Nf3 Rfe8 12. Re1 e5 13. fxe5 Nxe5 14. Nxe5 Bxe5
15. Bxe5 Rxe5 16. Qd2 Rae8 17. d4 R5e7 18. Rxe7 Qxe7 19. Kf1 Ne4 20. Qd3 Qf6
21. f3 Nd6 22. Re1 Rxe1+ 23. Kxe1 Qh6 24. h3 Qf6 25. Kf2 Nf5 26. c3 h6 27. Qe2
Qg5 28. g4 Nh4 29. Kg3 Nxg2 30. Kxg2 Qf4 31. Qc2 Qe3 32. a4 c5 33. dxc5 Qxc5
34. Qd3 a5 35. Qd4 Qc6 36. c4 dxc4 37. Qxc4 Qd7 1/2-1/2

[Event "FIDE World Senior Team Championship 2020"]
[Site "Olympik hotel, Sokolovska 138,"]
[Date "2020.03.12"]
[Round "7.14"]
[White "Lahti, Jouko"]
[Black "Babula, Milan"]
[Result "1/2-1/2"]
[WhiteElo "1953"]
[BlackElo "2144"]
[PlyCount "47"]
[EventDate "2020.03.06"]
[WhiteTeam "FIN2"]
[BlackTeam "CZE6"]

1. d4 Nf6 2. Nf3 c5 3. e3 e6 4. Bd3 b6 5. b3 Bb7 6. Bb2 Be7 7. O-O O-O 8. Nbd2
Qc7 9. Re1 d5 10. dxc5 bxc5 11. c4 Nc6 12. a3 Rfd8 13. Qe2 Rac8 14. Rad1 Qb6
15. Rb1 Rd7 16. Ne5 Nxe5 17. Bxe5 Rcd8 18. cxd5 exd5 19. Bf5 Ba6 20. Qf3 Rb7
21. Qh3 Qa5 22. b4 cxb4 23. Nb3 Qb6 24. Bc8 1/2-1/2

[Event "FIDE World Senior Team Championship 2020"]
[Site "Olympik hotel, Sokolovska 138,"]
[Date "2020.03.12"]
[Round "7.14"]
[White "Pacl, Vaclav"]
[Black "Ranki, Martti"]
[Result "0-1"]
[WhiteElo "2006"]
[BlackElo "1914"]
[PlyCount "72"]
[EventDate "2020.03.06"]
[WhiteTeam "CZE6"]
[BlackTeam "FIN2"]

1. Nf3 d5 2. e3 Nf6 3. c4 e6 4. b3 Be7 5. Bb2 O-O 6. Nc3 c5 7. cxd5 exd5 8. d4
cxd4 9. Nxd4 Nc6 10. Be2 Bc5 11. Nxc6 bxc6 12. O-O Bb7 13. Rc1 Qe7 14. Rc2 Rad8
15. Na4 Bb6 16. Qc1 Rfe8 17. Ba3 Qe5 18. Bc5 Bxc5 19. Nxc5 Ba8 20. Bf3 h5 21.
Rd1 Ng4 22. Bxg4 hxg4 23. Rd4 f5 24. Qd2 Rd6 25. Nd3 Qe7 26. Qb4 Qc7 27. Nf4
Rh6 28. h3 Qe5 29. hxg4 fxg4 30. g3 Qf5 31. Qd2 g5 32. Qd3 Qf7 33. Ne2 Qf3 34.
Kf1 Rf8 35. Ng1 Qxg3 36. Rf4 Rxf4 0-1

[Event "FIDE World Senior Team Championship 2020"]
[Site "Olympik hotel, Sokolovska 138,"]
[Date "2020.03.12"]
[Round "7.14"]
[White "Nespor, Ivan"]
[Black "Kauko, Pekka"]
[Result "0-1"]
[WhiteElo "1707"]
[BlackElo "1868"]
[PlyCount "82"]
[EventDate "2020.03.06"]
[WhiteTeam "CZE6"]
[BlackTeam "FIN2"]

1. Nf3 Nf6 2. d4 d5 3. c4 e6 4. Bf4 Bb4+ 5. Nc3 O-O 6. Qb3 Nc6 7. e3 Qe7 8. a3
Bxc3+ 9. Qxc3 Ne4 10. Qc2 g5 11. Bg3 f5 12. Bd3 a5 13. Be5 g4 14. Nd2 Nxe5 15.
Bxe4 fxe4 16. dxe5 Rf5 17. Rc1 c6 18. c5 Rxe5 19. Qa4 Rf5 20. Nf1 e5 21. Ng3
Rf7 22. Qb3 Be6 23. Qc3 Qf6 24. O-O Qg5 25. Qb3 Re8 26. Qc3 h5 27. Qxa5 Rg7 28.
Qe1 Rf8 29. Rc2 h4 30. Nh1 Rf3 31. Rc3 Rgf7 32. gxf3 gxf3+ 33. Ng3 Bh3 34. b4
hxg3 35. fxg3 Bxf1 36. Kxf1 Qh6 37. Rc2 d4 38. exd4 e3 39. h4 exd4 40. Rh2 Qe6
41. Qc1 d3 0-1

[Event "FIDE World Senior Team Championship 2020"]
[Site "Olympik hotel, Sokolovska 138,"]
[Date "2020.03.12"]
[Round "7.15"]
[White "Pribyl, Josef"]
[Black "Jones, Iolo C"]
[Result "1/2-1/2"]
[WhiteElo "2225"]
[BlackElo "2146"]
[PlyCount "26"]
[EventDate "2020.03.06"]
[WhiteTeam "CZE2"]
[BlackTeam "WLS"]

1. f4 Nf6 2. Nf3 d6 3. b3 Bg4 4. Bb2 Nbd7 5. e3 e5 6. h3 Bxf3 7. Qxf3 e4 8. Qf2
h5 9. Nc3 d5 10. O-O-O c6 11. d3 exd3 12. Bxd3 Qa5 13. Kb1 Bb4 1/2-1/2

[Event "FIDE World Senior Team Championship 2020"]
[Site "Olympik hotel, Sokolovska 138,"]
[Date "2020.03.12"]
[Round "7.15"]
[White "Van Kemenade, Rudy"]
[Black "Jurek, Josef"]
[Result "0-1"]
[WhiteElo "1915"]
[BlackElo "2254"]
[PlyCount "50"]
[EventDate "2020.03.06"]
[WhiteTeam "WLS"]
[BlackTeam "CZE2"]

1. e4 e6 2. d3 d5 3. Qe2 Nf6 4. Nf3 Be7 5. g3 b5 6. Bg2 b4 7. e5 Nfd7 8. c4
bxc3 9. bxc3 c5 10. h4 Nc6 11. O-O O-O 12. c4 Ndxe5 13. Nxe5 Nxe5 14. cxd5 exd5
15. Nc3 Bd6 16. Nxd5 Bg4 17. Qe4 Qd7 18. Nf4 Rab8 19. Be3 Rb4 20. d4 cxd4 21.
Bxd4 Bb8 22. Nd5 Bf3 23. Nxb4 Bxe4 24. Bc5 Bxg2 25. Kxg2 Rd8 0-1

[Event "FIDE World Senior Team Championship 2020"]
[Site "Olympik hotel, Sokolovska 138,"]
[Date "2020.03.12"]
[Round "7.15"]
[White "Cesal, Jaroslav"]
[Black "Bevan, Peter M"]
[Result "1-0"]
[WhiteElo "2136"]
[BlackElo "1901"]
[PlyCount "55"]
[EventDate "2020.03.06"]
[WhiteTeam "CZE2"]
[BlackTeam "WLS"]

1. Nf3 e6 2. d4 f5 3. c4 d6 4. g3 Nf6 5. Bg2 Be7 6. O-O O-O 7. Nc3 Ne4 8. Nxe4
fxe4 9. Nd2 d5 10. Qb3 Kh8 11. f3 Bf6 12. cxd5 exd5 13. fxe4 Bxd4+ 14. e3 Rxf1+
15. Kxf1 Bb6 16. exd5 Na6 17. Nc4 Nc5 18. Qc3 Bf5 19. Nxb6 axb6 20. b4 Ne4 21.
Qe5 Qf8 22. Kg1 Re8 23. Qb2 Qd6 24. Qd4 Qf6 25. Bb2 Qxd4 26. Bxd4 Rd8 27. Re1
Rd7 28. Rf1 1-0

[Event "FIDE World Senior Team Championship 2020"]
[Site "Olympik hotel, Sokolovska 138,"]
[Date "2020.03.12"]
[Round "7.16"]
[White "Carlsson, Ingvar"]
[Black "Page, Mark E"]
[Result "1-0"]
[WhiteElo "2038"]
[BlackElo "2135"]
[PlyCount "71"]
[EventDate "2020.03.06"]
[WhiteTeam "SWE2"]
[BlackTeam "ENG1"]

1. e4 c5 2. Nf3 d6 3. d4 cxd4 4. Nxd4 Nf6 5. Nc3 a6 6. h3 e5 7. Nde2 h5 8. Bg5
Be6 9. Nd5 Bxd5 10. exd5 Nbd7 11. Nc3 Qb6 12. Rb1 g6 13. Be3 Qc7 14. Qd2 Bg7
15. Be2 Nb6 16. O-O Nc4 17. Bxc4 Qxc4 18. f4 O-O 19. b3 Qc7 20. fxe5 Nd7 21.
Ne4 Bxe5 22. Bh6 Bg7 23. Bxg7 Kxg7 24. c4 b5 25. Rbc1 bxc4 26. Rxc4 Qb6+ 27.
Kh1 Ne5 28. Qc3 Kh6 29. Rc7 a5 30. Rf6 Qb5 31. Qd2+ Kg7 32. Nxd6 Qb8 33. Rb7
Qd8 34. Ne4 a4 35. Qd4 Qc8 36. Qxe5 1-0

[Event "FIDE World Senior Team Championship 2020"]
[Site "Olympik hotel, Sokolovska 138,"]
[Date "2020.03.12"]
[Round "7.16"]
[White "Bowmer, Kevin"]
[Black "Carlsten, Peter"]
[Result "1/2-1/2"]
[WhiteElo "2116"]
[BlackElo "1922"]
[PlyCount "107"]
[EventDate "2020.03.06"]
[WhiteTeam "ENG1"]
[BlackTeam "SWE2"]

1. e4 c5 2. Nf3 Nc6 3. d4 cxd4 4. Nxd4 g6 5. c4 Nf6 6. Nc3 Nxd4 7. Qxd4 d6 8.
Be3 Bg7 9. f3 O-O 10. Qd2 Be6 11. Rc1 Qa5 12. Nd5 Qxd2+ 13. Kxd2 Bxd5 14. cxd5
Rfc8 15. Rxc8+ Rxc8 16. g3 b6 17. Bh3 Rc7 18. Rc1 Rxc1 19. Kxc1 Kf8 20. Kc2 Ke8
21. Bd4 Kd8 22. Kd3 Bh6 23. a4 Nd7 24. Bxd7 Kxd7 25. a5 bxa5 26. Bxa7 Kc7 27.
Bd4 Kb7 28. Kc4 Ka6 29. f4 Bf8 30. h3 Bh6 31. e5 Bf8 32. exd6 exd6 33. Bf6 Kb6
34. b3 Ka6 35. Bd8 h6 36. h4 f5 37. Bf6 Kb6 38. Bd8+ Ka6 39. h5 gxh5 40. Bh4
Kb6 41. Bf6 h4 42. Bxh4 Bg7 43. Bd8+ Kb7 44. Bxa5 Bb2 45. Bc3 Bc1 46. b4 Be3
47. Bd4 Bd2 48. Bf2 h5 49. b5 Ba5 50. Kb3 Bd2 51. Ka4 Bc3 52. Kb3 Ba5 53. Kc4
Bd2 54. Kd3 1/2-1/2

[Event "FIDE World Senior Team Championship 2020"]
[Site "Olympik hotel, Sokolovska 138,"]
[Date "2020.03.12"]
[Round "7.16"]
[White "Dalling, Peter"]
[Black "Habershon, Paul F"]
[Result "1/2-1/2"]
[WhiteElo "1817"]
[BlackElo "1988"]
[PlyCount "47"]
[EventDate "2020.03.06"]
[WhiteTeam "SWE2"]
[BlackTeam "ENG1"]

1. e4 Nf6 2. Nc3 d6 3. Nf3 g6 4. d4 Bg7 5. h3 c5 6. Bb5+ Bd7 7. Qe2 cxd4 8.
Nxd4 Nc6 9. Nf3 O-O 10. O-O a6 11. Bc4 b5 12. Bb3 Na5 13. Rd1 Nxb3 14. axb3 Qc7
15. Nd5 Nxd5 16. exd5 b4 17. Ne1 Bb5 18. Qf3 Rac8 19. Rb1 a5 20. Bd2 Qb7 21. c3
bxc3 22. bxc3 Qa6 23. c4 Bd7 24. Bc3 1/2-1/2

[Event "FIDE World Senior Team Championship 2020"]
[Site "Olympik hotel, Sokolovska 138,"]
[Date "2020.03.12"]
[Round "7.17"]
[White "Gurtovoi, Borys"]
[Black "Franzen, Thomas"]
[Result "0-1"]
[WhiteElo "1704"]
[BlackElo "1987"]
[PlyCount "92"]
[EventDate "2020.03.06"]
[WhiteTeam "UKR"]
[BlackTeam "SWE4"]

1. Nf3 c5 2. c4 Nc6 3. g3 g6 4. Bg2 Bg7 5. Nc3 e6 6. d3 Nge7 7. O-O O-O 8. a3
d5 9. cxd5 exd5 10. e3 Bg4 11. h3 Be6 12. Qc2 Rc8 13. Ng5 Nf5 14. Nxe6 fxe6 15.
Ne2 Qd7 16. Rb1 b6 17. b3 h6 18. Bb2 g5 19. Bxg7 Qxg7 20. Qd2 Nce7 21. e4 Nd6
22. Nc3 d4 23. Ne2 e5 24. Kh2 Ng6 25. Qa2 Qf7 26. a4 a5 27. Ng1 Kg7 28. Nf3 Qf6
29. Nd2 h5 30. Nc4 Nf7 31. Qe2 h4 32. Qf3 Qd8 33. Qg4 Nh6 34. Qe6 Rf6 35. Qd5
Qe7 36. Na3 Rcf8 37. Kg1 g4 38. Rbe1 Rd6 39. Qc4 Qg5 40. Kh2 gxh3 41. Bxh3
Rxf2+ 42. Rxf2 Qxg3+ 43. Kh1 Qxf2 44. Rf1 Qg3 45. Bg2 h3 46. Rg1 Ng4 0-1

[Event "FIDE World Senior Team Championship 2020"]
[Site "Olympik hotel, Sokolovska 138,"]
[Date "2020.03.12"]
[Round "7.17"]
[White "Isaxon, Alf"]
[Black "Dovzhenko, Viktor"]
[Result "1-0"]
[WhiteElo "1949"]
[BlackElo "2069"]
[PlyCount "151"]
[EventDate "2020.03.06"]
[WhiteTeam "SWE4"]
[BlackTeam "UKR"]

1. e4 g6 2. d4 Bg7 3. Nc3 a6 4. a4 b6 5. Nf3 d6 6. Bc4 e6 7. O-O Bb7 8. Bg5 Ne7
9. Qd2 h6 10. Be3 Nd7 11. Ne1 Nf6 12. f3 d5 13. Bd3 c5 14. e5 Nd7 15. f4 cxd4
16. Bxd4 Nc6 17. Bf2 g5 18. g3 Qe7 19. Nf3 gxf4 20. gxf4 Rg8 21. Bh7 O-O-O 22.
Bxg8 Rxg8 23. Bg3 h5 24. Kf2 Qb4 25. Rfd1 Bf8 26. Ne2 Qc5+ 27. Kf1 f6 28. c4
Qxc4 29. Rac1 Qxa4 30. Ned4 Bb4 31. Qc2 Qxc2 32. Rxc2 Nc5 33. exf6 Nxd4 34.
Nxd4 Kd7 35. f5 exf5 36. Nxf5 Rf8 37. Bh4 Ne4 38. Rg2 Ke6 39. Nd4+ Ke5 40. Rg7
Ba8 41. Ra7 Bc5 42. Nf3+ Kf4 43. Kg2 Rg8+ 44. Bg3+ Nxg3 45. hxg3+ Rxg3+ 46. Kh2
Rxf3 47. Rxa8 Ke5 48. Re8+ Kd6 49. Rd8+ Kc6 50. R8xd5 Rxf6 51. Rxh5 Rf2+ 52.
Kg3 Rxb2 53. Kf4 a5 54. Ke4 a4 55. Ra1 Kb5 56. Kd3 a3 57. Rxa3 Rg2 58. Rb3+ Ka4
59. Rb1 Rg3+ 60. Kc4 Rg4+ 61. Kd5 Rd4+ 62. Kc6 Rd6+ 63. Kb7 Rf6 64. Rh8 Rf7+
65. Kc6 Rf6+ 66. Kd5 Bf8 67. Rh7 Rf5+ 68. Kc6 Rf6+ 69. Kd5 Rf5+ 70. Ke6 Rb5 71.
Ra7+ Ra5 72. Rf7 Bb4 73. Rf4 Rb5 74. Kd7 Ka3 75. Kc6 Bd2 76. Rf3+ 1-0

[Event "FIDE World Senior Team Championship 2020"]
[Site "Olympik hotel, Sokolovska 138,"]
[Date "2020.03.12"]
[Round "7.17"]
[White "Chubar, Vladimir"]
[Black "Johansson, Bjorn"]
[Result "1/2-1/2"]
[WhiteElo "1991"]
[BlackElo "1949"]
[PlyCount "36"]
[EventDate "2020.03.06"]
[WhiteTeam "UKR"]
[BlackTeam "SWE4"]

1. Nf3 Nf6 2. d4 g6 3. Bg5 Bg7 4. Nbd2 d5 5. e3 h6 6. Bh4 O-O 7. Bd3 Nbd7 8.
O-O Re8 9. c4 e5 10. dxe5 Nxe5 11. Nxe5 Rxe5 12. Nf3 Bg4 13. Be2 Re8 14. Qb3
Qd6 15. Bg3 Qb6 16. Qxb6 cxb6 17. cxd5 Nxd5 18. Rad1 Nb4 1/2-1/2

[Event "FIDE World Senior Team Championship 2020"]
[Site "Olympik hotel, Sokolovska 138,"]
[Date "2020.03.12"]
[Round "7.17"]
[White "Johansson, Bertil"]
[Black "Karnaukh, Anatolij"]
[Result "0-1"]
[WhiteElo "1876"]
[BlackElo "2087"]
[PlyCount "56"]
[EventDate "2020.03.06"]
[WhiteTeam "SWE4"]
[BlackTeam "UKR"]

1. c4 Nf6 2. Nf3 e6 3. g3 d5 4. Bg2 Be7 5. O-O O-O 6. b3 b6 7. Bb2 Bb7 8. d4
Nbd7 9. Nc3 c5 10. cxd5 exd5 11. Rc1 Re8 12. Re1 Nf8 13. h3 Rc8 14. e3 Ne6 15.
Ne2 Ne4 16. Nd2 Bf6 17. Nxe4 dxe4 18. Ba1 cxd4 19. Rxc8 Qxc8 20. Nxd4 Nc5 21.
Qg4 Qxg4 22. hxg4 Nd3 23. Rd1 Ne5 24. g5 Bxg5 25. Nb5 Nf3+ 26. Kh1 a6 27. Bxf3
exf3 28. Rd7 Bc6 0-1

[Event "FIDE World Senior Team Championship 2020"]
[Site "Olympik hotel, Sokolovska 138,"]
[Date "2020.03.12"]
[Round "7.18"]
[White "Jimenez Molina, Juan Leon"]
[Black "Galandauer, Jan"]
[Result "1-0"]
[WhiteElo "2174"]
[BlackElo "1949"]
[PlyCount "46"]
[EventDate "2020.03.06"]
[WhiteTeam "CRC"]
[BlackTeam "CZE7"]

1. g3 d5 2. Bg2 Nc6 3. c4 Nf6 4. cxd5 Nxd5 5. Nc3 Be6 6. Nf3 f6 7. O-O Qd7 8.
d4 Nxc3 9. bxc3 Bh3 10. Bxh3 Qxh3 11. Qa4 Qd7 12. Rb1 b6 13. d5 Na5 14. Qe4
O-O-O 15. c4 Nb7 16. Be3 Nd6 17. Qc2 e5 18. c5 Ne8 19. Rfd1 Kb8 20. cxb6 cxb6
21. Bxb6 axb6 22. Rxb6+ Ka7 23. Rc6 Nd6 1-0

[Event "FIDE World Senior Team Championship 2020"]
[Site "Olympik hotel, Sokolovska 138,"]
[Date "2020.03.12"]
[Round "7.18"]
[White "Fiser, Jiri"]
[Black "Piza Volio, Eduardo"]
[Result "1-0"]
[WhiteElo "1937"]
[BlackElo "2255"]
[PlyCount "75"]
[EventDate "2020.03.06"]
[WhiteTeam "CZE7"]
[BlackTeam "CRC"]

1. e4 e5 2. Nf3 Nc6 3. Bb5 a6 4. Ba4 Nf6 5. d3 b5 6. Bb3 Be7 7. c3 d6 8. O-O
O-O 9. Re1 Na5 10. Bc2 c5 11. Nbd2 Nc6 12. Nf1 Re8 13. h3 h6 14. a4 Bb7 15. Ng3
Bf8 16. d4 g6 17. axb5 axb5 18. Rxa8 Qxa8 19. d5 Nb8 20. Bd2 Nbd7 21. Qc1 Kh7
22. Nh2 Bg7 23. Ng4 Nxg4 24. hxg4 Nf6 25. f3 Qa2 26. Kf2 Ng8 27. Rh1 f6 28. Nf1
Ba6 29. Ne3 b4 30. cxb4 Rc8 31. Qa1 Qxa1 32. Rxa1 Bb5 33. Ra7 c4 34. Ba4 Bxa4
35. Rxa4 f5 36. gxf5 Nf6 37. fxg6+ Kxg6 38. b5 1-0

[Event "FIDE World Senior Team Championship 2020"]
[Site "Olympik hotel, Sokolovska 138,"]
[Date "2020.03.12"]
[Round "7.18"]
[White "Rovira Mas, Jorge"]
[Black "Pavlicek, Petr"]
[Result "1-0"]
[WhiteElo "2196"]
[BlackElo "1898"]
[PlyCount "127"]
[EventDate "2020.03.06"]
[WhiteTeam "CRC"]
[BlackTeam "CZE7"]

1. c4 Nf6 2. d4 g6 3. Nc3 d5 4. cxd5 Nxd5 5. f3 Bg7 6. e4 Nb6 7. Be3 O-O 8. Qd2
Nc6 9. O-O-O Re8 10. h4 e6 11. h5 Qe7 12. hxg6 hxg6 13. e5 f5 14. Bg5 Qf7 15.
Nh3 Ne7 16. Be3 Ned5 17. Ng5 Qe7 18. f4 Qb4 19. Nxd5 Qxd2+ 20. Bxd2 Nxd5 21.
Bc4 c6 22. g4 a5 23. gxf5 gxf5 24. Rdg1 Re7 25. Rg3 Bd7 26. Ra3 b6 27. Rg1 Bc8
28. Rb3 Rb7 29. Kd1 Raa7 30. Be2 Kf8 31. Rbg3 Re7 32. Bf3 Rac7 33. Nh7+ Kg8 34.
Nf6+ Kf8 35. Nh7+ Kg8 36. Nf6+ Kf8 37. Bxd5 cxd5 38. Nh5 Rf7 39. b4 Ra7 40.
bxa5 bxa5 41. Rb3 Rab7 42. Kc2 Rxb3 43. axb3 Kg8 44. Bxa5 Kh7 45. Bd8 Kh6 46.
Rg5 Ba6 47. Kc3 Be2 48. Nxg7 Rxg7 49. Rxg7 Kxg7 50. Kb4 Kf7 51. Kc5 Ke8 52. Kd6
Kf7 53. b4 Bc4 54. Kc6 Ke8 55. Bf6 Bb3 56. b5 Ba4 57. Kd6 Bxb5 58. Kxe6 Bd7+
59. Kxd5 Kf7 60. Kd6 Ba4 61. d5 Bb3 62. Bg5 Ke8 63. e6 Bc4 64. Ke5 1-0

[Event "FIDE World Senior Team Championship 2020"]
[Site "Olympik hotel, Sokolovska 138,"]
[Date "2020.03.12"]
[Round "7.18"]
[White "Tejkal, Jiri"]
[Black "Araya Umana, Carlos"]
[Result "1/2-1/2"]
[WhiteElo "1875"]
[BlackElo "1914"]
[PlyCount "81"]
[EventDate "2020.03.06"]
[WhiteTeam "CZE7"]
[BlackTeam "CRC"]

1. d4 f5 2. Nf3 g6 3. g3 Bg7 4. Bg2 Nf6 5. c4 d6 6. O-O O-O 7. b3 c6 8. Bb2 Na6
9. Nbd2 h6 10. Nh4 Kh7 11. e4 e6 12. Qb1 d5 13. exf5 exf5 14. Nhf3 Be6 15. Ne5
Ne4 16. Qd1 Nxd2 17. Qxd2 Bxe5 18. Rfe1 dxc4 19. Rxe5 Bd5 20. Bxd5 cxd5 21.
Rae1 Rf7 22. bxc4 dxc4 23. h4 Rc8 24. Bc3 Nc7 25. d5 Nb5 26. a4 Nxc3 27. Qxc3
Qf6 28. f4 Qb6+ 29. Kg2 Qb3 30. Qd4 c3 31. Re7 Rcf8 32. d6 c2 33. d7 c1=Q 34.
Rxf7+ Qxf7 35. Rxc1 Rd8 36. Rc8 Qa2+ 37. Kg1 Qb1+ 38. Kf2 Qa2+ 39. Kg1 Qb1+ 40.
Kf2 Qa2+ 41. Kg1 1/2-1/2

[Event "FIDE World Senior Team Championship 2020"]
[Site "Olympik hotel, Sokolovska 138,"]
[Date "2020.03.12"]
[Round "7.19"]
[White "Johnsen, Oystein"]
[Black "Nyrhinen, Harri"]
[Result "0-1"]
[WhiteElo "1971"]
[BlackElo "1985"]
[PlyCount "90"]
[EventDate "2020.03.06"]
[WhiteTeam "NOR2"]
[BlackTeam "FIN1"]

1. d4 Nf6 2. Nf3 g6 3. Nc3 Bg7 4. e4 d6 5. h3 O-O 6. Be3 b6 7. Bd3 c5 8. d5 Ba6
9. Bxa6 Nxa6 10. Qe2 Nc7 11. Rd1 Nd7 12. Qd2 b5 13. Bh6 b4 14. Bxg7 Kxg7 15.
Na4 Nb5 16. c4 bxc3 17. Nxc3 Qa5 18. Nxb5 Qxb5 19. Qc3+ Kg8 20. Nd2 Ne5 21. Nf3
Nxf3+ 22. gxf3 Rab8 23. b3 Rb6 24. Qd3 Qd7 25. f4 Rb4 26. f5 f6 27. h4 Kf7 28.
Qf3 Rg8 29. Rg1 a5 30. h5 g5 31. h6 a4 32. Qh5+ Kf8 33. Qf3 axb3 34. axb3 Qa7
35. Qc3 Rxe4+ 36. Kf1 Qa6+ 37. Rd3 Kf7 38. Kg2 Rg4+ 39. Rg3 Rxg3+ 40. Kxg3 Rb8
41. Kh2 Qe2 42. Rxg5 Qxf2+ 43. Rg2 Qxf5 44. Rg7+ Kf8 45. Qd2 Rxb3 0-1

[Event "FIDE World Senior Team Championship 2020"]
[Site "Olympik hotel, Sokolovska 138,"]
[Date "2020.03.12"]
[Round "7.19"]
[White "Lehtosaari, Kalevi"]
[Black "Taksrud, Vidar"]
[Result "1-0"]
[WhiteElo "1998"]
[BlackElo "1910"]
[PlyCount "115"]
[EventDate "2020.03.06"]
[WhiteTeam "FIN1"]
[BlackTeam "NOR2"]

1. c4 e5 2. Nc3 Nf6 3. g3 Bb4 4. Bg2 O-O 5. Nf3 e4 6. Ng5 Bxc3 7. bxc3 Re8 8.
O-O h6 9. Nh3 Na6 10. d4 d5 11. cxd5 Qxd5 12. Nf4 Qc4 13. Qb3 Qxb3 14. axb3 g5
15. Nh3 c5 16. f4 g4 17. Nf2 cxd4 18. cxd4 Bf5 19. Ra5 Bd7 20. Re5 Bc6 21. h3
gxh3 22. Bxh3 Bd5 23. Ng4 Nxg4 24. Rxd5 Nf6 25. Rd6 Kg7 26. f5 Nc7 27. Bxh6+
Kxh6 28. Rxf6+ Kg7 29. Rd6 Rad8 30. Rxd8 Rxd8 31. e3 Nd5 32. Re1 Rd6 33. Bf1
Kf6 34. Bh3 Rb6 35. g4 Rxb3 36. Kf2 a5 37. Bg2 Nc3 38. Kg3 Kg5 39. Rh1 Ne2+ 40.
Kf2 Rb2 41. Bxe4 Nxd4+ 42. Kg3 Ne2+ 43. Kf3 Nc3 44. Rh5+ Kf6 45. g5+ Ke7 46.
Bd3 Rd2 47. f6+ Kd7 48. Bc4 a4 49. Bxf7 a3 50. g6 Rd6 51. Rf5 Rd1 52. g7 Rf1+
53. Kg4 Rg1+ 54. Kh5 a2 55. Bxa2 Nxa2 56. f7 Rh1+ 57. Kg6 Rg1+ 58. Rg5 1-0

[Event "FIDE World Senior Team Championship 2020"]
[Site "Olympik hotel, Sokolovska 138,"]
[Date "2020.03.12"]
[Round "7.19"]
[White "Henrichsen, Erland"]
[Black "Ruotanen, Helge"]
[Result "1-0"]
[WhiteElo "1901"]
[BlackElo "1927"]
[PlyCount "81"]
[EventDate "2020.03.06"]
[WhiteTeam "NOR2"]
[BlackTeam "FIN1"]

1. d4 g6 2. e4 Bg7 3. Nc3 d6 4. h3 Nc6 5. Bb5 a6 6. Bxc6+ bxc6 7. Nf3 Nf6 8.
Be3 d5 9. e5 Nd7 10. Na4 c5 11. Nxc5 Nxc5 12. dxc5 O-O 13. Bd4 f6 14. O-O Be6
15. Qe2 Qd7 16. Rfe1 Rfe8 17. a4 c6 18. Ra3 f5 19. Ng5 Reb8 20. Qd3 Rb4 21. b3
h6 22. Nxe6 Qxe6 23. c3 Rb7 24. b4 h5 25. Rb3 Rba7 26. Rbb1 Kh7 27. b5 axb5 28.
axb5 cxb5 29. Rxb5 Ra1 30. Rbb1 Rxb1 31. Qxb1 Ra6 32. Qb2 Qc8 33. Rb1 e6 34.
Qb7 Qxb7 35. Rxb7 Rc6 36. Rb6 Rc8 37. Rxe6 Bf8 38. c6 Kg7 39. Bb6 Kf7 40. Rf6+
Kg7 41. c7 1-0

[Event "FIDE World Senior Team Championship 2020"]
[Site "Olympik hotel, Sokolovska 138,"]
[Date "2020.03.12"]
[Round "7.19"]
[White "Rintakoski, Pentti"]
[Black "Thjomoe, Hans Richard"]
[Result "0-1"]
[WhiteElo "1735"]
[BlackElo "1874"]
[PlyCount "118"]
[EventDate "2020.03.06"]
[WhiteTeam "FIN1"]
[BlackTeam "NOR2"]

1. e4 e5 2. Bc4 Nf6 3. d3 Nc6 4. Nf3 d6 5. h3 Na5 6. Nbd2 Nxc4 7. Nxc4 Be7 8.
Bg5 h6 9. Bh4 Nh7 10. Bxe7 Qxe7 11. c3 Ng5 12. Ne3 c6 13. Nxg5 hxg5 14. Qf3 g6
15. O-O-O Be6 16. Kb1 c5 17. d4 Kf8 18. dxe5 dxe5 19. Nd5 Bxd5 20. exd5 Rd8 21.
Rhe1 Kg7 22. Qe3 Rhe8 23. c4 b6 24. a3 f5 25. Qc3 Qf6 26. f3 e4 27. Qxf6+ Kxf6
28. fxe4 Rxe4 29. Rxe4 fxe4 30. Kc2 Ke5 31. Rf1 Kd4 32. b3 e3 33. Rf6 b5 34.
cxb5 Rxd5 35. Re6 Rf5 36. g4 Rf2+ 37. Kd1 Rb2 38. a4 Rxb3 39. Rd6+ Ke5 40. Rxg6
Kf4 41. Rf6+ Kg3 42. Ke2 Kxh3 43. Rf3+ Kxg4 44. Rxe3 Rb2+ 45. Kd3 Rb3+ 46. Kd2
Rb4 47. Ra3 Kf4 48. Ke2 g4 49. Kf2 g3+ 50. Kg2 Rb2+ 51. Kg1 Kg4 52. Rc3 Kh3 53.
Rc1 Ra2 54. Kh1 Rxa4 55. Rb1 Rb4 56. Ra1 c4 57. Kg1 Rxb5 58. Kf1 a5 59. Ke2 Kh2
0-1